LEADER 00871nam0-22002891i-450- 001 990006202860403321 005 19980601 035 $a000620286 035 $aFED01000620286 035 $a(Aleph)000620286FED01 035 $a000620286 100 $a19980601d1959----km-y0itay50------ba 105 $a--------00-yy 200 1 $aManuale di contabilita' di Stato$enozione sull'amministrazione del patrimonio e sulla contabilita' generale dello Stato$fAntonio Bennati. 205 $a3. ed. ampl. riv ed agg. - 210 $aNapoli$cJovene$d1959 215 $aVIII,, 321 p.$d24 cm 676 $a343.034 700 1$aBennati,$bAntonio$07326 801 0$aIT$bUNINA$gRICA$2UNIMARC 901 $aBK 912 $a990006202860403321 952 $aXIV E 39$b59234$fFGBC 959 $aFGBC 996 $aManuale di contabilità di Stato$963525 997 $aUNINA DB $aGIU01 LEADER 01664cam--2200457---450 001 990005622710203316 005 20190403124938.0 035 $a000562271 035 $aUSA01000562271 035 $a(ALEPH)000562271USA01 035 $a000562271 100 $a20161220d1951----km-y0itay50------ba 101 0 $aita 102 $aIT 105 $ay|||||||001yy 200 1 $a<> scoperta dell'utile nel Settecento$ela genesi del concetto di economia in Francia dai libertini agli illuministi e l'aspetto economico della storia nella storiografia dell'illuminismo francese$fGioacchino Gargallo di Castel Lentini 210 $aRoma$cEdizioni di storia e letteratura$d1951 215 $a73 p.$d21 cm 225 2 $aLetture di pensiero e d'arte 410 0$12001$aLetture di pensiero e d'arte 606 0 $aEconomia$xFilosofia$2BNCF 676 $a330.01 700 1$aGARGALLO DI CASTEL LENTINI,$bGioacchino$0166339 801 0$aIT$bsalbc$gISBD 912 $a990005622710203316 950 0$aDipar.to di Filosofia - Salerno$dDFCC 330.09 GAR$e3802 FIL 951 $aXIV Misc..2. 106(Varie Coll. 108/19)$b52025 L.M.$cXIV Misc..$d393086 951 $aXIV Misc..2. 106a(C 9 3 101)$b6690 CSSM$cXIV Misc..$d393087 951 $aCC 330.09 GAR$b3802 FIL 951 $aXV.14.A. 156$b260285 L.M.$cXV.14$d409359 959 $aBK 969 $aUMA 969 $aFIL 969 $aFVIG 979 $c20121027$lUSA01$h1525 979 $c20121027$lUSA01$h1614 979 $aPATRY$b90$c20130226$lUSA01$h1544 979 $aANNAMARIA$b90$c20161220$lUSA01$h1603 996 $aScoperta dell'utile nel settecento$9589323 997 $aUNISA NUM $aSA0005884